[Event "2. Activity-Kombi: Kings & Queens (Turni"]
[Site "Haus des Schachsports"]
[Date "2025.01.05"]
[Round "1.1"]
[White "Blieberger, Marissa"]
[Black "Scheiber, Daniel Berndt"]
[Result "0-1"]
[WhiteElo "1550"]
[BlackElo "1690"]
[PlyCount "66"]
[EventDate "2025.01.05"]

1. e4 e5 2. Nf3 Nc6 3. Bc4 Nf6 4. Nc3 Nxe4 5. O-O Nxc3 6. bxc3 Be7 7. Re1 d6 8.
h3 O-O 9. d3 Na5 10. Bb3 Nxb3 11. axb3 a6 12. d4 f6 13. Bb2 b5 14. Nh4 f5 15.
Nf3 e4 16. Nh2 d5 17. Qe2 Bd6 18. c4 c6 19. c5 Bc7 20. c4 Be6 21. cxd5 Bxd5 22.
Red1 Bxb3 23. Re1 Bc4 24. Qe3 Bd5 25. Red1 Qb8 26. Nf1 f4 27. Qc3 f3 28. g3 Qc8
29. Kh2 h5 30. h4 Qg4 31. Ne3 Qxh4+ 32. Kg1 Qh3 33. Nf1 Qg2# 0-1

[Event "2. Activity-Kombi: Kings & Queens (Turni"]
[Site "Haus des Schachsports"]
[Date "2025.01.05"]
[Round "1.2"]
[White "Blieberger, Tobias"]
[Black "Fischer, Niko Benedikt"]
[Result "1-0"]
[WhiteElo "1680"]
[BlackElo "1500"]
[PlyCount "115"]
[EventDate "2025.01.05"]

1. e4 e5 2. Nf3 Nc6 3. Nc3 Nf6 4. Bc4 h6 5. d4 exd4 6. Nxd4 Nxd4 7. Qxd4 Be7 8.
e5 Nh7 9. Qf4 O-O 10. Qg3 Bg5 11. O-O d6 12. exd6 Qxd6 13. Qxd6 cxd6 14. Bxg5
Nxg5 15. Rfd1 Be6 16. Bb3 Bxb3 17. axb3 Rad8 18. Rxa7 Ra8 19. Rxb7 Rfe8 20. h4
Ne4 21. Nd5 Re5 22. f4 Rh5 23. Rb4 Nf6 24. Nxf6+ gxf6 25. g3 Kh7 26. Ra4 Rxa4
27. bxa4 Rc5 28. c3 Rc4 29. Rd4 Rc6 30. Kf2 Rb6 31. Rb4 Ra6 32. Kf3 Ra5 33. b3
Rc5 34. c4 d5 35. Rb5 Rxb5 36. cxb5 Kg6 37. b6 Kf5 38. b7 Ke6 39. b8=R Kd6 40.
a5 Kc5 41. a6 d4 42. Rd8 Kb6 43. Rxd4 Kxa6 44. Ke4 Kb5 45. Kd5 h5 46. Kd6 f5
47. Rd5+ Kb4 48. Rxf5 Kxb3 49. Rxf7 Kc4 50. Ke5 Kd3 51. Ra7 Kc3 52. Ra4 Kd3 53.
f5 Kc3 54. f6 Kb3 55. Re4 Kc3 56. f7 Kd3 57. f8=Q Kc3 58. Qf3+ 1-0

[Event "2. Activity-Kombi: Kings & Queens (Turni"]
[Site "Haus des Schachsports"]
[Date "2025.01.05"]
[Round "1.3"]
[White "Monovic, Luka"]
[Black "Geabou-Silveira, Erik-Raphael"]
[Result "1-0"]
[WhiteElo "1450"]
[BlackElo "1675"]
[PlyCount "131"]
[EventDate "2025.01.05"]

1. e4 e5 2. Nf3 Nc6 3. Nc3 Nf6 4. Bc4 Bc5 5. O-O d6 6. d3 h6 7. h3 a6 8. Bd2 b5
9. Bd5 Nxd5 10. exd5 Ne7 11. Qe2 b4 12. Na4 Nxd5 13. Nxc5 dxc5 14. Qxe5+ Ne7
15. Qxg7 Rg8 16. Qxh6 Rg6 17. Qe3 Qd7 18. Ne5 Nf5 19. Nxd7+ Nxe3 20. Bxe3 Bxd7
21. Rae1 Kd8 22. f3 Bxh3 23. Rf2 Be6 24. Bxc5 a5 25. Re4 Kd7 26. Be3 Rh8 27.
Re5 Rg7 28. Kf1 Rh1+ 29. Ke2 Rb1 30. b3 Rb2 31. Rxa5 Rxc2+ 32. Ke1 Rxg2 33.
Rxc2 Rxc2 34. a3 bxa3 35. Rxa3 Rb2 36. Bd4 Rxb3 37. Rxb3 Bxb3 38. Ke2 Ke6 39.
Ke3 f5 40. f4 Kd5 41. Be5 c5 42. Kd2 Bc4 43. dxc4+ Kxc4 44. Ke3 Kd5 45. Kf3 c4
46. Ke3 Kc5 47. Kd2 Kb4 48. Kc2 Kc5 49. Kc3 Kd5 50. Kb4 Ke4 51. Kxc4 Kf3 52.
Kd5 Ke3 53. Ke6 Ke4 54. Kf6 Kd5 55. Kxf5 Kc6 56. Kg6 Kd7 57. f5 Ke8 58. Kg7 Ke7
59. f6+ Kd7 60. f7 Ke7 61. f8=Q+ Ke6 62. Qf6+ Kd7 63. Qd6+ Ke8 64. Kh7 Kf7 65.
Qd7+ Kf8 66. Bg7# 1-0

[Event "2. Activity-Kombi: Kings & Queens (Turni"]
[Site "Haus des Schachsports"]
[Date "2025.01.05"]
[Round "1.4"]
[White "Penker, Dominic"]
[Black "Brenner, Richard"]
[Result "1-0"]
[WhiteElo "1673"]
[BlackElo "1389"]
[PlyCount "43"]
[EventDate "2025.01.05"]

1. d4 d5 2. Bf4 Nf6 3. Nc3 Bf5 4. Nf3 Nc6 5. Nb5 e5 6. Bxe5 Nxe5 7. dxe5 Nd7 8.
Qxd5 c6 9. Nd6+ Bxd6 10. Qxd6 Bxc2 11. Rc1 Bf5 12. Nd4 Qg5 13. e3 Bg6 14. e6
fxe6 15. Nxe6 Qa5+ 16. b4 Qb6 17. Nc7+ Kd8 18. Nxa8 Qa6 19. Bxa6 bxa6 20. Rd1
Bf5 21. Qb8+ Ke7 22. Qxh8 1-0

[Event "2. Activity-Kombi: Kings & Queens (Turni"]
[Site "Haus des Schachsports"]
[Date "2025.01.05"]
[Round "1.5"]
[White "Burstein, Viktoria"]
[Black "Gottfried, Maximilian"]
[Result "1-0"]
[WhiteElo "1300"]
[BlackElo "1600"]
[PlyCount "129"]
[EventDate "2025.01.05"]

1. e4 e5 2. Nf3 Nc6 3. Nc3 Nf6 4. Bc4 Bc5 5. h3 d6 6. d3 h6 7. O-O Be6 8. Be3
Bb6 9. Bxb6 Bxc4 10. Bxc7 Qxc7 11. dxc4 Ne7 12. b3 O-O 13. Nd5 Nexd5 14. exd5
Rfe8 15. Nh4 Qd7 16. Qd3 e4 17. Qg3 Re7 18. Qf4 Rae8 19. Nf5 Re5 20. Nd4 e3 21.
fxe3 Rxe3 22. Nf5 R3e4 23. Qg3 Nh5 24. Nxh6+ Kh7 25. Rxf7 R4e7 26. Qd3+ Kh8 27.
Qg6 Rxf7 28. Nxf7+ Kg8 29. Nh6+ Kf8 30. Rf1+ Nf6 31. Ng4 Qf7 32. Qxf7+ Kxf7 33.
g3 Kg6 34. Nxf6 gxf6 35. h4 Re2 36. Rc1 Kf5 37. Rf1+ Kg6 38. Rf2 Re1+ 39. Kg2
Ra1 40. c3 b6 41. g4 Rc1 42. h5+ Kg5 43. Kg3 Rxc3+ 44. Rf3 Rc1 45. Rf5+ Kh6 46.
Rxf6+ Kg7 47. g5 Rg1+ 48. Kh4 Rh1+ 49. Kg4 Rg1+ 50. Kf4 Rf1+ 51. Ke3 Rxf6 52.
gxf6+ Kxf6 53. Kf4 Ke7 54. Kg5 Kf7 55. h6 Kf8 56. a4 a5 57. Kg6 Ke7 58. h7 Kd7
59. h8=Q b5 60. Qh7+ Ke8 61. Kf6 Kd8 62. Ke6 Kc8 63. Kxd6 Kb8 64. Kc6 b4 65.
Qb7# 1-0

[Event "2. Activity-Kombi: Kings & Queens (Turni"]
[Site "Haus des Schachsports"]
[Date "2025.01.05"]
[Round "1.6"]
[White "Marakhovskii, Andrei"]
[Black "Sponer, Moritz"]
[Result "1-0"]
[WhiteElo "1230"]
[BlackElo "1270"]
[PlyCount "77"]
[EventDate "2025.01.05"]

1. d4 d5 2. c4 Nf6 3. cxd5 Nxd5 4. e4 Nf6 5. Nc3 Nc6 6. Nf3 Bg4 7. d5 Nd4 8.
Be2 Nxe2 9. Qxe2 Bxf3 10. Qxf3 e6 11. dxe6 fxe6 12. e5 Nd7 13. Bf4 Bb4 14. O-O
Bxc3 15. bxc3 Qe7 16. Qxb7 Rb8 17. Qxa7 O-O 18. Qxc7 Rbc8 19. Qa5 Ra8 20. Qb4
Qh4 21. Bg3 Qh5 22. Qd6 Qf7 23. Bh4 Qh5 24. Be7 Rf5 25. Qxe6+ Rf7 26. Qxd7 Rf5
27. Qe6+ Rf7 28. Qd5 g6 29. Qxa8+ Kg7 30. Bf6+ Kh6 31. Qf3 Qxf3 32. gxf3 Kh5
33. e6 Rf8 34. e7 Re8 35. Rfd1 g5 36. Rd8 Rxd8 37. exd8=Q Kh4 38. Bxg5+ Kh3 39.
Qd7# 1-0

[Event "2. Activity-Kombi: Kings & Queens (Turni"]
[Site "Haus des Schachsports"]
[Date "2025.01.05"]
[Round "1.7"]
[White "Marakhovskii, Denis"]
[Black "Driza, Alexander"]
[Result "1/2-1/2"]
[WhiteElo "1260"]
[BlackElo "1220"]
[PlyCount "58"]
[EventDate "2025.01.05"]

1. e4 e5 2. Nf3 Nf6 3. Bc4 Nxe4 4. d3 Nd6 5. Bb3 Nc6 6. Nc3 Be7 7. Nd5 O-O 8.
O-O Nf5 9. Nxe7+ Nfxe7 10. Bg5 d5 11. Nh4 h6 12. Bxe7 Nxe7 13. c4 d4 14. Nf3
Nc6 15. Re1 Re8 16. Ba4 Qf6 17. Nd2 b6 18. Qf3 Qxf3 19. Nxf3 Bb7 20. a3 f6 21.
Nh4 Kh7 22. Re4 Rg8 23. g3 Ne7 24. Re2 g5 25. Ng2 c6 26. Kf1 Ba6 27. Bb3 b5 28.
cxb5 Bxb5 29. Bxg8+ Kxg8 1/2-1/2

[Event "2. Activity-Kombi: Kings & Queens (Turni"]
[Site "Haus des Schachsports"]
[Date "2025.01.05"]
[Round "1.8"]
[White "Yanchev, Alexander"]
[Black "Leitgeb, Paul"]
[Result "0-1"]
[WhiteElo "1210"]
[BlackElo "1250"]
[PlyCount "114"]
[EventDate "2025.01.05"]

1. d4 d5 2. Bg5 f6 3. Bh4 g5 4. Bg3 Bg7 5. Nc3 Bf5 6. Nf3 Nc6 7. e3 Nb4 8. Bb5+
c6 9. Be2 Nxc2+ 10. Kf1 Nxa1 11. Qxa1 h5 12. h4 g4 13. Ne1 Bd7 14. Nd3 Nh6 15.
Nf4 Nf5 16. Ng6 Rh6 17. Nf4 Be6 18. f3 Nxg3+ 19. Kg1 Nxh1 20. Kxh1 gxf3 21.
Bxf3 Bg4 22. Bxg4 hxg4 23. Ne6 Qd6 24. Nxg7+ Kd7 25. Nf5 Qe6 26. Nxh6 Qxe3 27.
Nxg4 Qg3 28. Nh2 Rg8 29. Qg1 Qxh4 30. Ne2 Qh5 31. g4 Qh3 32. Qg3 Qxg3 33. Nxg3
f5 34. gxf5 Rxg3 35. Nf1 Rf3 36. Kg1 Rxf5 37. Ng3 Rg5 38. Kf2 Rg4 39. Kf3 Rxd4
40. Ne2 Rd2 41. Nc1 Rxb2 42. Ke3 Rc2 43. Nd3 Rxa2 44. Nb4 Ra3+ 45. Kd4 Ra4 46.
Kc5 Ra5+ 47. Kd4 c5+ 48. Kc3 cxb4+ 49. Kd3 b3 50. Kc3 Rb5 51. Kd4 b2 52. Kd3
b1=Q+ 53. Kd4 Qe4+ 54. Kc3 Qc4+ 55. Kd2 Rb3 56. Ke1 Qc2 57. Kf1 Rb1# 0-1

[Event "2. Activity-Kombi: Kings & Queens (Turni"]
[Site "Haus des Schachsports"]
[Date "2025.01.05"]
[Round "1.9"]
[White "Kinattukara, Richard"]
[Black "Salamon, Andras"]
[Result "0-1"]
[WhiteElo "1240"]
[BlackElo "1205"]
[PlyCount "60"]
[EventDate "2025.01.05"]

1. e4 c6 2. Nf3 d5 3. d3 dxe4 4. dxe4 Qxd1+ 5. Kxd1 e6 6. Nc3 Ne7 7. Bg5 Ng6 8.
Bc4 Be7 9. Bxe7 Nxe7 10. g4 O-O 11. Rg1 b5 12. Bd3 Na6 13. Ne5 Nb4 14. Be2 f6
15. Nf3 f5 16. Ng5 fxe4 17. Ncxe4 Rd8+ 18. Nd2 h6 19. Ngf3 a5 20. a3 Nbd5 21.
Rg3 a4 22. c4 Nc7 23. cxb5 cxb5 24. Rc1 Ned5 25. Ne5 Ba6 26. Ng6 Rac8 27. Bf3
Bb7 28. Bxd5 Bxd5 29. Rh3 Bg2 30. Rg3 Be4 {es folgt der 2. unerlaubte Zug von
Weiß (Sxe4), daher gewinnt Schwarz} 0-1

[Event "2. Activity-Kombi: Kings & Queens (Turni"]
[Site "Haus des Schachsports"]
[Date "2025.01.05"]
[Round "2.1"]
[White "Scheiber, Daniel Berndt"]
[Black "Penker, Dominic"]
[Result "1-0"]
[WhiteElo "1690"]
[BlackElo "1673"]
[PlyCount "59"]
[EventDate "2025.01.05"]

1. e4 e6 2. d4 b6 3. c4 Bb7 4. Nc3 Bb4 5. Bd3 f5 6. f3 fxe4 7. fxe4 Bxe4 8.
Bxe4 Qh4+ 9. Kf1 Bxc3 10. Bxa8 Bxd4 11. Qe2 Ne7 12. Nf3 O-O 13. g3 Qg4 14. Kg2
Nf5 15. Nxd4 Qxd4 16. Bf3 Qf6 17. Be3 Nc6 18. Bxc6 dxc6 19. Rhf1 Qe5 20. Rae1
h5 21. Bf4 Qd4 22. Qxe6+ Kh8 23. Qe2 h4 24. Be5 Qd7 25. g4 Ne3+ 26. Qxe3 Qxg4+
27. Kh1 Rxf1+ 28. Rxf1 h3 29. Qh6+ Kg8 30. Qxg7+ 1-0

[Event "2. Activity-Kombi: Kings & Queens (Turni"]
[Site "Haus des Schachsports"]
[Date "2025.01.05"]
[Round "2.2"]
[White "Monovic, Luka"]
[Black "Blieberger, Tobias"]
[Result "0-1"]
[WhiteElo "1450"]
[BlackElo "1680"]
[PlyCount "86"]
[EventDate "2025.01.05"]

1. e4 e5 2. Nf3 Nc6 3. Nc3 Nf6 4. Bb5 a6 5. Bxc6 dxc6 6. a3 Bd6 7. O-O Bg4 8.
d3 h6 9. Bd2 Qd7 10. h3 Bxh3 11. gxh3 Qxh3 12. Ne1 Ng4 13. Nf3 Nf6 14. Ne2 Qxf3
15. Nd4 Qxd1 16. Raxd1 exd4 17. c3 dxc3 18. Bxc3 Nd7 19. Bxg7 Rg8 20. Rfe1
Rxg7+ 21. Kf1 Bh2 22. Ke2 Bf4 23. Rg1 Rxg1 24. Rxg1 Ke7 25. Rg4 Be5 26. Rh4 Rh8
27. Ke3 Bxb2 28. a4 Nc5 29. a5 Nb3 30. Rh5 Nd4 31. Re5+ Kf6 32. Kf4 Ne2+ 33.
Ke3 Kxe5 34. Kxe2 h5 35. Kd2 h4 36. Kc2 h3 37. Kxb2 h2 38. Kc3 h1=Q 39. d4+
Kxe4 40. f3+ Qxf3+ 41. Kc4 Qd3+ 42. Kb4 Rh3 43. Kc5 Qb5# 0-1

[Event "2. Activity-Kombi: Kings & Queens (Turni"]
[Site "Haus des Schachsports"]
[Date "2025.01.05"]
[Round "2.3"]
[White "Leitgeb, Paul"]
[Black "Burstein, Viktoria"]
[Result "1-0"]
[WhiteElo "1250"]
[BlackElo "1300"]
[PlyCount "65"]
[EventDate "2025.01.05"]

1. e4 e5 2. Nf3 Nc6 3. Bb5 Bc5 4. O-O Nf6 5. Bxc6 dxc6 6. d3 O-O 7. Nxe5 Bg4 8.
Nxg4 Nxg4 9. Qxg4 Bd4 10. Bh6 Bxb2 11. Na3 Qf6 12. Bg5 Qe5 13. Nc4 Qd4 14. Nxb2
Qxb2 15. Bh6 b5 16. Rab1 Qf6 17. Bg5 Qg6 18. f4 a5 19. f5 Qd6 20. Rfe1 Qd4+ 21.
Re3 g6 22. Rf1 a4 23. Rff3 Qa1+ 24. Kf2 Qxa2 25. Bf6 Qxc2+ 26. Re2 Qc5+ 27. d4
Qd6 28. Qg5 c5 29. Rh3 cxd4 30. Be7 Qb6 31. Qh6 d3+ 32. Ke1 dxe2 33. Qxh7# 1-0

[Event "2. Activity-Kombi: Kings & Queens (Turni"]
[Site "Haus des Schachsports"]
[Date "2025.01.05"]
[Round "2.4"]
[White "Salamon, Andras"]
[Black "Marakhovskii, Andrei"]
[Result "0-1"]
[WhiteElo "1205"]
[BlackElo "1230"]
[PlyCount "120"]
[EventDate "2025.01.05"]

1. e4 e6 2. d4 d5 3. exd5 exd5 4. c4 c6 5. cxd5 cxd5 6. Nc3 Nf6 7. Nf3 Nc6 8.
Bb5 Bd7 9. Bxc6 Bxc6 10. O-O Bd6 11. Re1+ Ne4 12. Bg5 f6 13. Bd2 O-O 14. Nh4
Nxc3 15. bxc3 Re8 16. Nf5 Rxe1+ 17. Qxe1 Bb8 18. Ne7+ Kh8 19. Nxc6 bxc6 20. Rb1
Bd6 21. Rb3 Qc7 22. g3 Qd7 23. Bf4 Bxf4 24. gxf4 Qg4+ 25. Kf1 Qxf4 26. Kg1 h6
27. a4 Rb8 28. Rxb8+ Qxb8 29. a5 Qb5 30. Qe8+ Kh7 31. Kg2 Qxa5 32. Qxc6 Kg6 33.
Qe8+ Kf5 34. Kf3 Qxc3+ 35. Kg2 Qxd4 36. Qh5+ Ke6 37. Qh3+ f5 38. Qh5 Qg4+ 39.
Qxg4 fxg4 40. Kg3 Kf5 41. h3 gxh3 42. Kxh3 a5 43. Kg3 a4 44. Kf3 a3 45. Ke3 a2
46. Kd4 a1=Q+ 47. Kxd5 h5 48. Kc4 h4 49. Kd3 h3 50. Ke3 h2 51. f4 h1=Q 52. Kf2
Qa4 53. Ke2 Qa2+ 54. Kd3 Qh3+ 55. Kd4 Qa4+ 56. Kd5 Qd3+ 57. Kc5 Qc3+ 58. Kb6
Qab4+ 59. Ka6 Qc6+ 60. Ka7 Qca4# 0-1

[Event "2. Activity-Kombi: Kings & Queens (Turni"]
[Site "Haus des Schachsports"]
[Date "2025.01.05"]
[Round "2.5"]
[White "Gottfried, Maximilian"]
[Black "Marakhovskii, Denis"]
[Result "1-0"]
[WhiteElo "1600"]
[BlackElo "1260"]
[PlyCount "21"]
[EventDate "2025.01.05"]

1. e4 e5 2. Nf3 Nc6 3. Bc4 Bc5 4. Nc3 Nge7 5. Ng5 O-O 6. Qh5 h6 7. Nxf7 Rxf7 8.
Bxf7+ Kf8 9. Bc4 Qe8 10. Qf3+ Nf5 11. Qxf5+ 1-0

[Event "2. Activity-Kombi: Kings & Queens (Turni"]
[Site "Haus des Schachsports"]
[Date "2025.01.05"]
[Round "2.6"]
[White "Driza, Alexander"]
[Black "Kinattukara, Richard"]
[Result "1-0"]
[WhiteElo "1220"]
[BlackElo "1240"]
[PlyCount "41"]
[EventDate "2025.01.05"]

1. Nf3 d6 2. g3 Nc6 3. Bg2 Nf6 4. O-O Bf5 5. Re1 Qd7 6. Nc3 Nb4 7. e4 Bxe4 8.
Nxe4 Ng4 9. Nfg5 f6 10. Bh3 fxg5 11. Bxg4 Qa4 12. b3 Qb5 13. c4 Qa5 14. d4 d5
15. Nc5 Rd8 16. Nxb7 Qb6 17. Nxd8 Kxd8 18. Qe2 Qxd4 19. Bxg5 h6 20. Bxe7+ Bxe7
21. Qxe7# 1-0

[Event "2. Activity-Kombi: Kings & Queens (Turni"]
[Site "Haus des Schachsports"]
[Date "2025.01.05"]
[Round "2.7"]
[White "Geabou-Silveira, Erik-Raphael"]
[Black "Fischer, Niko Benedikt"]
[Result "0-1"]
[WhiteElo "1675"]
[BlackElo "1500"]
[Annotator "Abzugsschach"]
[PlyCount "76"]
[EventDate "2025.01.05"]

1. e4 e5 2. Nf3 Nc6 3. Bc4 Bc5 4. d3 Nf6 5. Bg5 d6 6. h3 Be6 7. Bb3 Bxb3 8.
axb3 Nd4 9. Nc3 Nxf3+ 10. Qxf3 h6 11. Bxf6 Qxf6 12. Qxf6 gxf6 13. Nd5 O-O-O 14.
Nxf6 Bd4 15. c3 Bc5 16. b4 Bb6 17. Nd5 Kb8 18. g3 c6 19. Ne7 Rde8 20. Nf5 d5
21. Nd6 Re6 22. Nxf7 Rf8 23. exd5 cxd5 24. Nxh6 Rxh6 25. h4 Rhf6 26. Rf1 Rxf2
27. Rxf2 Rxf2 28. b3 Rf3 29. Kd2 Rxg3 30. Re1 Rg2+ 31. Kd1 Rh2 32. Rxe5 d4 33.
cxd4 Bxd4 34. Re4 Bf2 35. Re2 Rh1+ 36. Kd2 Bxh4 37. Re8+ Kc7 38. Rh8 Bg5+ 0-1

[Event "2. Activity-Kombi: Kings & Queens (Turni"]
[Site "Haus des Schachsports"]
[Date "2025.01.05"]
[Round "2.8"]
[White "Brenner, Richard"]
[Black "Blieberger, Marissa"]
[Result "1-0"]
[WhiteElo "1389"]
[BlackElo "1550"]
[PlyCount "95"]
[EventDate "2025.01.05"]

1. e4 e5 2. Nf3 Nc6 3. Bc4 Bc5 4. Nc3 Nf6 5. Ng5 O-O 6. d3 h6 7. Nf3 d6 8. Bd2
Bg4 9. h3 Bh5 10. Ne2 Bxf3 11. gxf3 a6 12. c3 Qd7 13. Qc2 b5 14. Bd5 Rab8 15.
Bxc6 Qxc6 16. Rg1 Nh5 17. Bxh6 Qb6 18. Ng3 Bxf2+ 19. Qxf2 Qxf2+ 20. Kxf2 Nxg3
21. Rxg3 c5 22. Bxg7 Rfe8 23. Bxe5+ Kh7 24. Bxd6 Rbc8 25. Rag1 Kh6 26. Bf4+ Kh5
27. Rg5+ Kh6 28. Rxc5+ Kh7 29. Rxc8 Rxc8 30. Ke3 a5 31. b4 axb4 32. cxb4 Rc2
33. Bd6 Rxa2 34. Rg5 Kh6 35. Rxb5 Rc2 36. Rb8 Kh5 37. b5 Kh4 38. b6 Kxh3 39. b7
Rb2 40. Rh8+ Kg2 41. Rh2+ Kg1 42. Rxb2 Kh1 43. Rf2 f5 44. Kf4 fxe4 45. Kg3 exd3
46. b8=Q d2 47. Rxd2 Kg1 48. Rd1# 1-0

[Event "2. Activity-Kombi: Kings & Queens (Turni"]
[Site "Haus des Schachsports"]
[Date "2025.01.05"]
[Round "2.9"]
[White "Sponer, Moritz"]
[Black "Cichon, Oskar"]
[Result "1-0"]
[WhiteElo "1270"]
[BlackElo "1200"]
[PlyCount "119"]
[EventDate "2025.01.05"]

1. e4 e5 2. Nf3 Nc6 3. Bc4 Nf6 4. Ng5 Bc5 5. Nxf7 Qe7 6. Nxh8 Qf8 7. Bf7+ Ke7
8. Nc3 Qxh8 9. d3 Kxf7 10. Be3 Bxe3 11. fxe3 d6 12. d4 exd4 13. exd4 Bg4 14.
Qd2 Re8 15. O-O Kg8 16. d5 Ne5 17. b4 Nc4 18. Qd4 Be2 19. Rf2 Bg4 20. Qxc4 Kf8
21. e5 dxe5 22. Raf1 e4 23. d6 Qg8 24. Qc5 Qe6 25. d7+ Qe7 26. Qd4 Bxd7 27. Nd5
e3 28. Rxf6+ gxf6 29. Rxf6+ Qxf6 30. Nxf6 e2 31. Nxh7+ Kf7 32. Ng5+ Kg6 33. Nf3
e1=Q+ 34. Nxe1 Rxe1+ 35. Kf2 Re6 36. Qxd7 Rf6+ 37. Ke3 Rf7 38. Qe6+ Rf6 39. Qe5
c6 40. c4 Rf5 41. Qe4 b5 42. cxb5 cxb5 43. Kd3 Kg5 44. h4+ Kg6 45. Qg4+ Kf6 46.
Ke4 Re5+ 47. Kf4 Rd5 48. h5 Rd4+ 49. Kg3 Rxg4+ 50. Kxg4 Kg7 51. Kg5 Kh7 52. h6
a6 53. g4 Kg8 54. Kh5 Kh7 55. g5 Kg8 56. g6 Kh8 57. g7+ Kh7 58. Kg5 Kg8 59. Kg6
a5 60. h7# 1-0

[Event "2. Activity-Kombi: Kings & Queens (Turni"]
[Site "Haus des Schachsports"]
[Date "2025.01.05"]
[Round "3.1"]
[White "Marakhovskii, Andrei"]
[Black "Scheiber, Daniel Berndt"]
[Result "0-1"]
[WhiteElo "1230"]
[BlackElo "1690"]
[PlyCount "90"]
[EventDate "2025.01.05"]

1. d4 Nf6 2. c4 d6 3. Nc3 g6 4. e4 Bg7 5. Nf3 Bg4 6. h3 Bxf3 7. Qxf3 Nbd7 8.
Bg5 e5 9. dxe5 Nxe5 10. Qe3 O-O 11. O-O-O Qe8 12. f4 Nc6 13. Bd3 Nd7 14. Nd5
Rc8 15. h4 f6 16. Nxf6+ Bxf6 17. Bxf6 Nxf6 18. Qf3 Qf7 19. f5 Ne5 20. Qg3 Nh5
21. Qg5 Qf6 22. Qxf6 Nxf6 23. fxg6 hxg6 24. Be2 Nxe4 25. h5 Nf2 26. hxg6 Nxh1
27. Rxh1 Nxg6 28. Bd3 Kg7 29. Rh3 Rf6 30. g4 Rh8 31. Re3 Ne5 32. Bf5 Nxc4 33.
Rc3 d5 34. b3 Nd6 35. Rxc7+ Rf7 36. Rxf7+ Kxf7 37. Bd3 Rh2 38. a4 Kf6 39. Kd1
Kg5 40. Be2 Ne4 41. Ke1 d4 42. b4 Nc3 43. Bf3 d3 44. a5 Kf4 45. Bd1 d2+ 0-1

[Event "2. Activity-Kombi: Kings & Queens (Turni"]
[Site "Haus des Schachsports"]
[Date "2025.01.05"]
[Round "3.2"]
[White "Blieberger, Tobias"]
[Black "Leitgeb, Paul"]
[Result "1-0"]
[WhiteElo "1680"]
[BlackElo "1250"]
[PlyCount "123"]
[EventDate "2025.01.05"]

1. e4 e5 2. Nf3 Nc6 3. Nc3 d6 4. h3 Be6 5. Bb5 Bd7 6. d3 a6 7. Bxc6 Bxc6 8. O-O
Nf6 9. Re1 Nh5 10. Nxe5 dxe5 11. Qxh5 Qe7 12. Nd5 Bxd5 13. exd5 O-O-O 14. c4 f6
15. a3 g6 16. Qf3 Bg7 17. b4 f5 18. Rb1 Rhf8 19. b5 e4 20. dxe4 fxe4 21. Qxe4
Qxe4 22. Rxe4 axb5 23. Rxb5 c6 24. Ra5 cxd5 25. Ra8+ Kc7 26. Rxd8 dxe4 27. Rxf8
Bxf8 28. Kf1 h6 29. Ke2 Kd6 30. Bd2 Ke5 31. Bc3+ Kf5 32. a4 Bc5 33. Bd2 g5 34.
Be3 Bxe3 35. Kxe3 h5 36. g3 h4 37. g4+ Ke5 38. a5 Kd6 39. Kxe4 Kc5 40. Ke5 Kb4
41. a6 bxa6 42. Kd5 a5 43. c5 a4 44. c6 a3 45. c7 a2 46. c8=Q a1=Q 47. Qb7+ Kc3
48. Qg7+ Kd3 49. Qxa1 Ke2 50. Qa3 Kf1 51. Ke4 Kg2 52. f4 gxf4 53. Qf3+ Kh2 54.
Qf2+ Kxh3 55. Qxf4 Kg2 56. g5 h3 57. g6 h2 58. g7 h1=Q 59. g8=Q+ Kh3+ 60. Qf3+
Qxf3+ 61. Kxf3 Kh2 62. Qg2# 1-0

[Event "2. Activity-Kombi: Kings & Queens (Turni"]
[Site "Haus des Schachsports"]
[Date "2025.01.05"]
[Round "3.3"]
[White "Penker, Dominic"]
[Black "Driza, Alexander"]
[Result "1-0"]
[WhiteElo "1673"]
[BlackElo "1220"]
[PlyCount "57"]
[EventDate "2025.01.05"]

1. d4 Nf6 2. Bf4 c5 3. c3 cxd4 4. cxd4 d5 5. Nf3 e6 6. e3 Qa5+ 7. Nbd2 Ne4 8.
Bd3 Nxd2 9. Qxd2 Qxd2+ 10. Nxd2 Bb4 11. a3 Bxd2+ 12. Kxd2 O-O 13. h4 Re8 14.
Rac1 Nc6 15. Bb5 Bd7 16. Bxc6 Bxc6 17. g4 f5 18. gxf5 exf5 19. Rhg1 Kh8 20. Be5
Re7 21. Rg5 Rf7 22. Rcg1 Rg8 23. h5 h6 24. Rg6 Kh7 25. Bf4 Be8 26. Bxh6 Rc7 27.
Bf4 Bxg6 28. hxg6+ Kh8 29. Rh1# 1-0

[Event "2. Activity-Kombi: Kings & Queens (Turni"]
[Site "Haus des Schachsports"]
[Date "2025.01.05"]
[Round "3.4"]
[White "Brenner, Richard"]
[Black "Gottfried, Maximilian"]
[Result "1/2-1/2"]
[WhiteElo "1389"]
[BlackElo "1600"]
[PlyCount "211"]
[EventDate "2025.01.05"]

1. d4 c6 2. Nc3 d5 3. Bd2 Bf5 4. e3 e6 5. Be2 Nf6 6. f3 Bb4 7. a3 Ba5 8. Bd3
Bg6 9. Nge2 Nh5 10. Bxg6 fxg6 11. e4 Bxc3 12. Nxc3 Qh4+ 13. Ke2 O-O 14. Qc1 h6
15. g3 Qh3 16. Qf1 Qxf1+ 17. Kxf1 Rxf3+ 18. Kg2 Rf7 19. Raf1 Nf6 20. e5 Ne4 21.
Nxe4 dxe4 22. Rxf7 Kxf7 23. Rf1+ Ke7 24. Bb4+ Ke8 25. Rf4 e3 26. Re4 Na6 27.
Bc3 c5 28. Rxe3 b6 29. b4 cxb4 30. Bxb4 Nxb4 31. axb4 Rc8 32. c3 a5 33. b5 a4
34. Re2 Rxc3 35. Ra2 Rc4 36. Kf3 Rxd4 37. Ke3 Rd5 38. Ke4 Rxb5 39. Rxa4 Rb2 40.
Ra8+ Ke7 41. Ra7+ Kf8 42. Ra8+ Kf7 43. Ra7+ Kg8 44. Re7 b5 45. Rxe6 Kf7 46. Rb6
b4 47. Rb7+ Kg8 48. h3 Rg2 49. Kf4 g5+ 50. Kf3 Rb2 51. Ke4 Rb3 52. Rb8+ Kh7 53.
e6 Rb1 54. Kd5 Rd1+ 55. Kc4 Rc1+ 56. Kd5 Rd1+ 57. Kc4 Re1 58. Rb6 b3 59. Rxb3
Rxe6 60. Rf3 Rf6 61. Re3 Rf2 62. g4 Rf4+ 63. Kd3 Kg6 64. Re6+ Rf6 65. Re3 h5
66. Rg3 Ra6 67. Ke4 Re6+ 68. Kf3 Rd6 69. Ke3 Ra6 70. Kf2 Ra2+ 71. Kg1 Ra4 72.
Kf2 Rf4+ 73. Kg2 Ra4 74. Kf2 Ra2+ 75. Kg1 h4 76. Rf3 Ra6 77. Kg2 Rf6 78. Re3
Kf7 79. Rd3 Ke6 80. Re3+ Kd5 81. Re7 g6 82. Re3 Kd4 83. Re1 Kd5 84. Re2 Kd6 85.
Re1 Re6 86. Rd1+ Ke7 87. Rf1 Rf6 88. Re1+ Re6 89. Rf1 Re2+ 90. Kg1 Ke6 91. Kh1
Re3 92. Kh2 Rd3 93. Re1+ Kf6 94. Rf1+ Kg7 95. Rf2 Rg3 96. Rf1 Re3 97. Rf2 Re6
98. Rf1 Rf6 99. Re1 Kf7 100. Re2 Re6 101. Rf2+ Rf6 102. Re2 Rf4 103. Kg1 Kf6
104. Kg2 Rd4 105. Rf2+ Rf4 106. Re2 1/2-1/2

[Event "2. Activity-Kombi: Kings & Queens (Turni"]
[Site "Haus des Schachsports"]
[Date "2025.01.05"]
[Round "3.5"]
[White "Fischer, Niko Benedikt"]
[Black "Sponer, Moritz"]
[Result "1-0"]
[WhiteElo "1500"]
[BlackElo "1270"]
[PlyCount "57"]
[EventDate "2025.01.05"]

1. e4 e5 2. Nf3 Nc6 3. Bc4 Bc5 4. d3 Nf6 5. Bg5 d6 6. Nc3 h6 7. Bxf6 gxf6 8.
Qe2 Be6 9. Bd5 Bxd5 10. Nxd5 Nd4 11. Nxd4 Bxd4 12. c3 Bc5 13. O-O Qd7 14. Nxf6+
Kd8 15. Nxd7 Kxd7 16. Qg4+ Ke7 17. Rad1 Rhg8 18. Qh4+ f6 19. d4 exd4 20. cxd4
Bb6 21. e5 c5 22. Qxf6+ Kd7 23. Qxd6+ Ke8 24. dxc5 Kf7 25. cxb6 axb6 26. e6+
Kg7 27. Qe5+ Kf8 28. Qf6+ Ke8 29. Qf7# 1-0

[Event "2. Activity-Kombi: Kings & Queens (Turni"]
[Site "Haus des Schachsports"]
[Date "2025.01.05"]
[Round "3.6"]
[White "Burstein, Viktoria"]
[Black "Monovic, Luka"]
[Result "0-1"]
[WhiteElo "1300"]
[BlackElo "1450"]
[PlyCount "48"]
[EventDate "2025.01.05"]

1. e4 c5 2. Nf3 d6 3. Bc4 Nf6 4. Nc3 Bd7 5. e5 dxe5 6. Nxe5 e6 7. Bd3 Bd6 8.
Nxd7 Nbxd7 9. Be4 Rb8 10. Nb5 Nxe4 11. Nxa7 Qb6 12. Qg4 Nef6 13. Qxg7 Rg8 14.
Qh6 Qxa7 15. O-O Rg6 16. Qe3 b6 17. Qe1 Qb7 18. g3 Bf4 19. d3 Ne5 20. Qd1 Nf3+
21. Kh1 Nd2+ 22. Kg1 Nf3+ 23. Kh1 Nh4+ 24. Kg1 Qg2# 0-1